Geography Quiz

Random Geography or City Quiz
Score 0/22 Timer 06:00
6 Plays Today
Name % Correct
Manchester
89.7%
Lancaster
83.8%
Leicester
70.8%
Chester
69.1%
Worcester
60.9%
Doncaster
51.5%
Winchester
47.8%
Gloucester
45.4%
Cirencester
36.6%
Colchester
35.1%
Dorchester
33.5%
Name % Correct
Chichester
29.4%
Rochester
27.3%
Bicester
27%
Tadcaster
17.9%
Towcester
15.6%
Godmanchester
9.9%
Ilchester
8.9%
Lanchester
8.5%
Alcester
7.2%
Portchester
6.9%
Irchester
2.1%

You're not logged in!

Compare scores with friends on all Sporcle quizzes.
OR
Log In

Sporcle TV

Today on Sporcle TV


Watch our educational content, quiz creation guides, and fun videos on Sporcle TV.

Show Comments

Extras

Top Quizzes Today


Score Distribution

Paid Content

Your Account Isn't Verified!

In order to create a playlist on Sporcle, you need to verify the email address you used during registration. Go to your Sporcle Settings to finish the process.

Report this User

Report this user for behavior that violates our Community Guidelines.

Details: